Top Golf Ball Brands - Statistics

General Stats
  • This quiz has been taken 29 times
  • The average score is 6 of 10
Answer Stats
Rank Brand % Correct
2 Callaway
89%
3 TaylorMade
85%
1 Titleist
85%
4 Srixon
70%
10 Mizuno
52%
7 Wilson
44%
6 Bridgestone
41%
8 Vice
37%
9 Kirkland
33%
5 Maxfli
19%
No matching quizzes found
Score Distribution
Percent of People with Each Score
Percentile by Number Answered
Your Score History
You have not taken this quiz